Praeparatio ad missam, et gratiarum actio (Record no. 163532)
[ view plain ]
| 000 -LEADER | |
|---|---|
| campo de control de longitud fija | 00847nam a22002055i 4500 |
| 001 - NÚMERO DE CONTROL | |
| campo de control | 163532 |
| 003 - IDENTIFICADOR DE NÚMERO DE CONTROL | |
| campo de control | ES-MaACL |
| 005 - FECHA Y HORA DE LA ÚLTIMA TRANSACCIÓN | |
| campo de control | 20250816233153.0 |
| 008 - DATOS DE LONGITUD FIJA--INFORMACIÓN GENERAL | |
| campo de control de longitud fija | 990325s1835 sp |||| | spa d |
| 040 ## - FUENTE DE CATALOGACIÓN | |
| Centro catalogador/agencia de origen | CCPB | B |
| Lengua de catalogación | spa |
| Centro/agencia transcriptor | CCPB | B |
| 100 1# - ENTRADA PRINCIPAL--NOMBRE DE PERSONA | |
| Nombre de persona | Rigual, José. |
| 9 (RLIN) | 131822 |
| 245 10 - MENCIÓN DEL TÍTULO | |
| Título | Praeparatio ad missam, et gratiarum actio |
| Resto del título | : cui accedunt rubricae Missalis, ipsarumque significationes, nec non ea, quae omittenda sunt in Missis pro Defunctis, & de Tempore ... Ex Sacra Scriptura, Missali, Selectis Auctoribus transcripta / |
| Mención de responsabilidad, etc. | A Doctore D. Josepho Rigual. |
| 260 ## - PUBLICACIÓN, DISTRIBUCIÓN, ETC. | |
| Lugar de publicación, distribución, etc. | Matriti : |
| Nombre del editor, distribuidor, etc. | Ex Typographia Regia, |
| Fecha de publicación, distribución, etc. | 1835. |
| 300 ## - DESCRIPCIÓN FÍSICA | |
| Extensión | 118 p. ; |
| Dimensiones | 15 cm. |
| 597 #1 - NOTA DE DESCRIPCIÓN FÍSICA | |
| NOTA DE DESCRIPCIÓN FÍSICA | Signaturizado. |
| 650 #7 - PUNTO DE ACCESO ADICIONAL DE MATERIA--TÉRMINO DE MATERIA | |
| Término de materia o nombre geográfico como elemento de entrada | Ritos y ceremonias |
| Fuente del encabezamiento o término | embne |
| 9 (RLIN) | 16917 |
| 752 ## - ENTRADA AGREGADA--NOMBRE JERÁRQUICO DEL LUGAR | |
| País o entidad superior | España - |
| Ciudad | Madrid |
| 852 ## - LOCALIZACIÓN | |
| Ubicación | ES-MaACL |
| Número de control de estantería | F-2191 |
| Nota libre | -- Enc. pasta |
| Estatus retirado | Estado de pérdida | Estado de daño | No para préstamo | Colección | Biblioteca de origen | Biblioteca actual | Ubicación en estantería | Fecha de adquisición | Fuente de adquisición | Total de préstamos | Signatura topográfica completa | Código de barras | Visto por última vez | Precio de reemplazo | Tipo de ítem Koha |
|---|---|---|---|---|---|---|---|---|---|---|---|---|---|---|---|
| Libros del s. XIX | Biblioteca del Ateneo de Madrid | Biblioteca del Ateneo de Madrid | Depósito 2 | 17/01/2008 | F-2191 | 1171364 | 23/02/2023 | 23/02/2023 | Libro impreso antiguo |
